000 00310nam a2200109Ia 4500
008 171204s9999 xx 000 0 und d
245 4 _aThe 10-Minute Clinical Assessment:
245 _cKnut Schroeder
260 _c2016
650 _xHealth Assessment
856 _uhttp://down.ebook777.com/050/9781119106340.pdf
999 _c346374
_d346374